Giáo trình thực hành địa lí tự nhiên các lục địa

Hướng dẫn tiến hành các giờ học thực hành môn địa lí tự nhiên cho sinh viên: Rèn luyện kỹ năng đọc bản đồ, vẽ biểu đồ, thành lập các bảng số liệu...

Shranjeno v:
Bibliografske podrobnosti
Glavni avtor: Nguyễn Đình Giang
Format: Knjiga
Jezik:Vietnamese
Izdano: H. Đại học Sư phạm 2003
Teme:
Oznake: Označite
Brez oznak, prvi označite!
Thư viện lưu trữ: Mạng thư viện Đại học Đà Nẵng
LEADER 01331nam a2200349 4500
001 000008722
003 4914
005 20120523100558.0
008 111019s2003 viesd
020 |c 4000đ 
041 0 |a vie 
082 |a 910.071  |b NG-G 
100 0 |a Nguyễn Đình Giang 
245 0 |a Giáo trình thực hành địa lí tự nhiên các lục địa  |c Nguyễn Đình Giang 
260 |a H.  |b Đại học Sư phạm  |c 2003 
300 |a 43tr.  |b bảng  |c 24cm 
504 |a Thư mục: tr.30-43 
520 |a Hướng dẫn tiến hành các giờ học thực hành môn địa lí tự nhiên cho sinh viên: Rèn luyện kỹ năng đọc bản đồ, vẽ biểu đồ, thành lập các bảng số liệu... 
650 |a Địa lí tự nhiên 
650 |a Giáo trình 
653 |a Thực hành 
910 |a LÊ THỊ QUỲNH  |d 19/10/2011 
OWN |a LSP 
AVA |a UDN50  |b LSP  |d 910.071 NG-G  |e check_holdings  |t Error 5003 Not defined in file expand_doc_bib_avail.  |h N  |k 1 
999 |a From the UDN01 
AVA |a UDN50  |b LSP  |d 910.071 NG-G  |e available  |t Error 5001 Not defined in file expand_doc_bib_avail.  |f 71  |g 2  |h N  |i 16  |k 1 
TYP |a Monograph 
TYP |a Printed language 
980 |a Mạng thư viện Đại học Đà Nẵng